=LDR 00000nam 2200000 4500 =001 INLIS000000000029360 =005 20130612131611 =008 ***********************************Ind** =035 ##$$0010-061300000029360 =041 ##$$a Ind =082 ##$$a 159.404 =090 ##$$a 159.404, Wij p =100 ##$$a Wijayanto, Iip =245 ##$$a Perkosaan atas nama cinta, Iip Wijayanto =260 ##$$a 2004 $b Yogyakarta =300 ##$$a 95 hlm, 21 cm =850 ##$$a NBPNMAT